<?xml version="1.0" encoding="UTF-8"?><?xml-stylesheet type="text/xsl" href="static/style.xsl"?><OAI-PMH xmlns="http://www.openarchives.org/OAI/2.0/" xmlns:xsi="http://www.w3.org/2001/XMLSchema-instance" xsi:schemaLocation="http://www.openarchives.org/OAI/2.0/ http://www.openarchives.org/OAI/2.0/OAI-PMH.xsd"><responseDate>2026-04-14T04:42:45Z</responseDate><request verb="GetRecord" identifier="oai:www.recercat.cat:2072/479125" metadataPrefix="marc">https://recercat.cat/oai/request</request><GetRecord><record><header><identifier>oai:recercat.cat:2072/479125</identifier><datestamp>2025-07-29T23:00:46Z</datestamp><setSpec>com_2072_98</setSpec><setSpec>col_2072_378192</setSpec></header><metadata><record xmlns="http://www.loc.gov/MARC21/slim" xmlns:dcterms="http://purl.org/dc/terms/" xmlns:xsi="http://www.w3.org/2001/XMLSchema-instance" xmlns:doc="http://www.lyncode.com/xoai" xsi:schemaLocation="http://www.loc.gov/MARC21/slim http://www.loc.gov/standards/marcxml/schema/MARC21slim.xsd">
   <leader>00925njm 22002777a 4500</leader>
   <datafield ind2=" " ind1=" " tag="042">
      <subfield code="a">dc</subfield>
   </datafield>
   <datafield ind2=" " ind1=" " tag="720">
      <subfield code="a">Isgar, Gabrielle</subfield>
      <subfield code="e">author</subfield>
   </datafield>
   <datafield ind2=" " ind1=" " tag="720">
      <subfield code="a">Muntendam, Antje</subfield>
      <subfield code="e">author</subfield>
   </datafield>
   <datafield ind2=" " ind1=" " tag="720">
      <subfield code="a">Reglero, Lara</subfield>
      <subfield code="e">author</subfield>
   </datafield>
   <datafield ind2=" " ind1=" " tag="260">
      <subfield code="c">2024</subfield>
   </datafield>
   <datafield ind2=" " ind1=" " tag="520">
      <subfield code="a">This paper explores a newly identified contrastive topic configuration in Spanish. Coined by de Andrade (2018) for Galician and European Portuguese, the D(emonstrative)-construction features a left-dislocated topic and d(emonstrative)-pronoun resumptive. This study investigates whether the D-construction exists in Spanish, and if so, with which syntactic properties. We administered an acceptability judgment task on the D-construction, Clitic Left Dislocation (CLLD), Hanging Topic Left Dislocation (HTLD) and Focus Fronting (FF) to Spanish speakers. The task tested the role of the left-dislocate, case connectivity, subject-verb inversion, embedding, recursivity, and sensitivity to island constraints. Simple instances of the D-construction received consistently high ratings, demonstrating that it exists in Spanish. There was individual variation regarding the role of the left-dislocate and case connectivity. The D-construction did not require subject-verb inversion, was non-recursive and demonstrated selective island sensitivity. Findings for CLLD, HTLD and FF were mostly in line with previous literature. The D-construction did not exactly pattern with CLLD, HTLD, nor FF; it is characterized by a unique set of syntactic properties. We propose that both left-dislocated elements are base-generated at Spec, TopP: the fronted DP is a hanging topic, and its resumptive d-pronoun is linked to a clitic within the main clause via an A'-chain.</subfield>
   </datafield>
   <datafield tag="653" ind2=" " ind1=" ">
      <subfield code="a">Spanish</subfield>
   </datafield>
   <datafield tag="653" ind2=" " ind1=" ">
      <subfield code="a">D-construction</subfield>
   </datafield>
   <datafield tag="653" ind2=" " ind1=" ">
      <subfield code="a">Clitic left dislocation</subfield>
   </datafield>
   <datafield tag="653" ind2=" " ind1=" ">
      <subfield code="a">Focus fronting</subfield>
   </datafield>
   <datafield tag="653" ind2=" " ind1=" ">
      <subfield code="a">Hanging topic</subfield>
   </datafield>
   <datafield tag="653" ind2=" " ind1=" ">
      <subfield code="a">Information structure</subfield>
   </datafield>
   <datafield ind2="0" ind1="0" tag="245">
      <subfield code="a">The D(emonstrative)-construction : A newly-identified left-dislocated configuration in Spanish</subfield>
   </datafield>
</record></metadata></record></GetRecord></OAI-PMH>